Турбины тепловых и атомных электрических станций. Часть 3 / ДО 2015: электронный курс

Bibliografiske detaljer
Hovedforfatter: Беспалов В. И. Владимир Ильич
Institution som forfatter: Национальный исследовательский Томский политехнический университет Инженерная школа энергетики Научно-образовательный центр И. Н. Бутакова (НОЦ И. Н. Бутакова)
Summary:Заглавие с экрана
Дисциплина «Турбины тепловых и атомных электрических станций» относится к вариативной части междисциплинарного профессионального модуля. Курсовой проект, связанный с расчетом параметров паровой турбины, позволяет студенту систематизировать приобретенные при изучении дисциплины знания и активно их закрепить, приобрести навыки по конструированию и расчету агрегата. Задачей выполнения курсового проекта является проведение теплового расчета паровой турбины с целью определения основных геометрических характеристик проточной части и конструктивного оформления турбины.
Доступ по логину и паролю
Sprog:russisk
Udgivet: Томск, TPU Moodle, 2019
Fag:
Online adgang:https://design.lms.tpu.ru/course/view.php?id=3476
Format: MixedMaterials Electronisk Bog
KOHA link:https://koha.lib.tpu.ru/cgi-bin/koha/opac-detail.pl?biblionumber=636145

MARC

LEADER 00000nlm0a2200000 4500
001 636145
005 20231102024836.0
035 |a (RuTPU)RU\TPU\network\26 
090 |a 636145 
100 |a 20131008d2019 m y0rusy50 ca 
101 0 |a rus 
102 |a RU 
105 |a a j 000zy 
135 |a jrcn ---uucaa 
181 0 |a i  
182 0 |a b 
200 1 |a Турбины тепловых и атомных электрических станций. Часть 3 / ДО 2015  |e электронный курс  |f В. И. Беспалов  |g Национальный исследовательский Томский политехнический университет, Инженерная школа энергетики, Научно-образовательный центр И. Н. Бутакова (НОЦ И. Н. Бутакова) 
203 |a Текст  |c электронный 
210 |a Томск  |c TPU Moodle  |d 2019 
300 |a Заглавие с экрана 
330 |a Дисциплина «Турбины тепловых и атомных электрических станций» относится к вариативной части междисциплинарного профессионального модуля. Курсовой проект, связанный с расчетом параметров паровой турбины, позволяет студенту систематизировать приобретенные при изучении дисциплины знания и активно их закрепить, приобрести навыки по конструированию и расчету агрегата. Задачей выполнения курсового проекта является проведение теплового расчета паровой турбины с целью определения основных геометрических характеристик проточной части и конструктивного оформления турбины. 
333 |a Доступ по логину и паролю 
606 1 |a Атомные электрические станции  |x Турбинное оборудование  |2 stltpush  |3 (RuTPU)RU\TPU\subj\29771  |9 53035 
606 1 |a Тепловые электрические станции  |x Турбинное оборудование  |2 stltpush  |3 (RuTPU)RU\TPU\subj\59718  |9 77219 
610 1 |a электронный ресурс 
610 1 |a труды учёных ТПУ 
610 1 |a электронные курсы ТПУ 
610 1 |a электронные учебные пособия 
610 1 |a дистанционное образование 
610 1 |a дистанционное обучение 
610 1 |a Moodle 
610 1 |a e-learning 
610 1 |a электронные образовательные ресурсы 
610 1 |a конструктивное оформление 
610 1 |a турбины 
610 1 |a расход пара 
610 1 |a тепловые расчеты 
610 1 |a многоступенчатые турбины 
675 |a 621.311.22.002.5:621.165(075.8)  |v 4 
675 |a 621.311.25:621.039.002.5(075.8)  |v 4 
700 1 |a Беспалов  |b В. И.  |c специалист в области теплоэнергетики  |c доцент Томского политехнического университета, кандидат технических наук  |f 1941-  |g Владимир Ильич  |2 stltpush  |3 (RuTPU)RU\TPU\pers\25510 
712 0 2 |a Национальный исследовательский Томский политехнический университет  |b Инженерная школа энергетики  |b Научно-образовательный центр И. Н. Бутакова (НОЦ И. Н. Бутакова)  |h 8025  |2 stltpush  |3 (RuTPU)RU\TPU\col\23504 
801 2 |a RU  |b 63413507  |c 20220620  |g RCR 
856 4 |u https://design.lms.tpu.ru/course/view.php?id=3476 
942 |c CF